LEADER 00846nam a2200217 i 4500 001 000000079750 003 CaOOAMICUS 005 20140129000000.0 008 140129s1959 it u000 u ita u 013 $a51987 040 $aSeMil$bita 245 12$aI cavalieri del Santo Sepolcro /$ca cura di un gruppo di specialisti. 260 $aRoma :$bPaoline,$c1959. 300 $a215 p. ;$c22 cm. 490 0 $aTempi e figure ;$v22 650 4$aOrdine Equestre del Santo Sepolcro di Gerusalemme.$0(OLS)http://semarc/subject/10786 830 0$aTempi e figure ;$v22.$0(OLS)http://semarc/title/551 850 $aSeMil 852 $aSeMil$W1$xVenegono$y1$m3T III 70$j45383$B45383$CSeMilBibl$Z2$F47346 $81 996 $6245$aI cavalieri del Santo Sepolcro$9(OLS)http://semarc/title/127656 996 $6260$aRoma :$bPaoline$9(OLS)http://semarc/publisher/29686 LEADER 01009nas a2200253 i 4500 001 000000186141 003 CaOOAMICUS 005 20100305000000.0 008 100222b2010 it uu u0 0ita r 013 $a164187 040 $aSeMil$bita 100 1 $aOtto, Rudolf,$d<1869-1937>.$0(OLS)http://semarc/name/22452 245 10$aOpere /$cRudolf Otto ; a cura di Stefano Bancalari. 260 $aPisa ;$aRoma :$bFabrizio Serra,$c2010. 300 $a454 p. ;$c25 cm. 500 $aContiene : Bibliografia. 700 1 $aBancalari, Stefano,$d<1972- >.$0(OLS)http://semarc/name/68383 773 0 $tArchivio di Filosofia.$dRoma : [s.n.], 1931.$x0004-0088$w()1907 774 0 $t[vedi periodico].$w()272534 850 $aSeMil 852 $aSeMil$W1$xVenegono$y1$m199 3 21$j136828$B136828$CSeMilBibl$Z2$F149029 $85 961 $aAbbonamento: Accademia Editoriale 996 $6245$aOpere$9(OLS)http://semarc/title/2208 996 $6260$aPisa ;$aRoma :$bFabrizio Serra$9(OLS)http://semarc/publisher/34314